000 00536nam a2200157 4500
001 4024
005 20181127172445.0
090 0 0 _a618.92 F8891a 1909
100 0 0 _aFreud, Sigmund.
245 0 0 _aAnalysis of a phobia in a five year old boy :
_bA case published by sigmund Freud in 1909 /
_cSigmund Freud.
_h
260 0 0 _an.p.,
_bSigmund Freud,
_c1909.
300 0 0 _av.(various paging) . ; 30 cm.
650 0 0 _aFreud, Sigmund, 1856-1939. Collected papers.
_x
650 0 0 _aPhobias --Case studies.
_x
650 0 0 _aPsychoanalysis --Case studies.
_x
999 _c3289
_d3289